The Dinosaur digger / (Record no. 6803)

MARC details
000 -LEADER
fixed length control field 01103nam a22002777a 4500
001 - CONTROL NUMBER
control field 6803
003 - CONTROL NUMBER IDENTIFIER
control field FISKH
005 - DATE AND TIME OF LATEST TRANSACTION
control field 20250528161218.0
008 - FIXED-LENGTH DATA ELEMENTS--GENERAL INFORMATION
fixed length control field 250528b cb ||||| |||| 00| 0 eng d
020 ## - INTERNATIONAL STANDARD BOOK NUMBER
International Standard Book Number 9780857075680
040 ## - CATALOGING SOURCE
Original cataloging agency FISKH
Language of cataloging eng
Transcribing agency FISKH
Modifying agency FISKH
050 ## - LIBRARY OF CONGRESS CALL NUMBER
Classification number PZ7
082 ## - DEWEY DECIMAL CLASSIFICATION NUMBER
Classification number 823.92
100 ## - MAIN ENTRY--PERSONAL NAME
Personal name Ritchie, Alison
245 ## - TITLE STATEMENT
Title The Dinosaur digger /
Statement of responsibility, etc. Alison Ritchie and Mike Byrne
260 ## - PUBLICATION, DISTRIBUTION, ETC.
Place of publication, distribution, etc. London : S
Name of publisher, distributor, etc. imon and Schuster,
Date of publication, distribution, etc. 2013.
300 ## - PHYSICAL DESCRIPTION
Extent 32 unnumbered pages :
Other physical details color illustrations ;
Dimensions 24 cm
505 ## - FORMATTED CONTENTS NOTE
Formatted contents note G<br/>
520 ## - SUMMARY, ETC.
Summary, etc. Jack is an awesome mechanic whose workshop is unlike any other, when he drives through its magic doors he has thrilling adventures! Today Jack has to fix a digger, but when he takes it for a test drive he is transported into a land of dangerous dinosaurs. Will Jack be able to escape the terrible T-Rex in his dinosaur digger?
521 8# - TARGET AUDIENCE NOTE
Target audience note 370<br/>
Source Lexile estimate <br/>
521 8# - TARGET AUDIENCE NOTE
Target audience note G<br/>
Source Raz-Plus
650 ## - SUBJECT ADDED ENTRY--TOPICAL TERM
Topical term or geographic name entry element Construction
Form subdivision Fiction
General subdivision Dinosaurs
Chronological subdivision Picture book
700 ## - ADDED ENTRY--PERSONAL NAME
Personal name Mike Byrne
Relator term illustrator
942 ## - ADDED ENTRY ELEMENTS (KOHA)
Source of classification or shelving scheme Dewey Decimal Classification
Koha item type Books
Suppress in OPAC No
Holdings
Withdrawn status Lost status Source of classification or shelving scheme Damaged status Not for loan Collection Home library Current library Shelving location Date acquired Total Checkouts Full call number Barcode Date last seen Copy number Price effective from Koha item type
    Dewey Decimal Classification     Juvenile Fiction Footprints International School Library Network Toul Kork Campus Footprints International School Library Network Toul Kork Campus TK Primary Library Room(4th Floor), Bookcase 7, Shelves 57-60, Dark Green Books 05/28/2025   RIT 823.92 PZ7 FISTK05142 05/28/2025 1 05/28/2025 Books